Countries With The Most Roman Catholics - Statistics

General Stats
  • This quiz has been taken 39 times
  • The average score is 24 of 30
Answer Stats
Total % Country % Correct
136,2 mil 62.5 Brazil
100%
38,5 mil 57.7 France
100%
76,1 mil 22.1 United States
100%
48,1 mil 81.7 Italy
96%
102,3 mil 77.9 Mexico
96%
33,2 mil 69.8 Spain
96%
31,6 mil 67.6 Argentina
93%
39,6 mil 75.4 Colombia
93%
11,5 mil 57.3 Chile
89%
92,2 mil 78.8 Philippines
89%
34,8 mil 87.8 Poland
89%
6,4 mil 88.3 Paraguay
85%
26,4 mil 76.6 Peru
85%
8,3 mil 81.2 Portugal
85%
21,2 mil 73.3 Venezuela
85%
10,7 mil 84.6 Bolivia
81%
19,7 mil 23.7 Germany
81%
12,7 mil 29.9 Canada
78%
14,9 mil 80.5 Ecuador
78%
21,6 mil 1.5 India
78%
7,1 mil 64.5 Cuba
74%
35,4 mil 15.6 Nigeria
74%
59,2 mil 55.6 DR Congo
70%
9,3 mil 3.2 Indonesia
59%
12,0 mil 20.6 Kenya
59%
21,1 mil 59.9 Angola
56%
8,4 mil 45.5 Guatemala
52%
23,6 mil 45.0 Uganda
52%
22,8 mil 31.4 Tanzania
44%
10,1 mil 33.1 Cameroon
33%
No matching quizzes found
Score Distribution
Percent of People with Each Score
Percentile by Number Answered
Your Score History
You have not taken this quiz